Realiti dan ilusi kehidupan maya dalam era siber

Bibliographic Details
Main Author: Shaharom T. M. Sulaiman (Author)
Format: Book
Language:Malay
Published: Selangor : Mahzum Book Services 2001
Subjects:

MARC

LEADER 00000cam a2200000 7i4500
001 0000013270
005 20241023.0
008 031002 my may
020 |a 9832422000 
040 |a INS   |b eng   |e rda 
090 0 0 |a HM85   |b .S5259 2001 
100 1 |a Shaharom T. M. Sulaiman ,   |e author 
245 1 0 |a Realiti dan ilusi kehidupan maya dalam era siber   |c Shaharom T. M. Sulaiman 
264 1 |a Selangor :   |b Mahzum Book Services   |c 2001 
300 |a x, 227 pages ;   |c 21 cm. 
336 |a text  |2 rdacontent 
337 |a unmediated  |2 rdamedia 
338 |a volume  |2 rdacarrier 
504 |a Includes bibliographical references 
650 0 |a Information society   |x Virtual reality-social aspects 
999 |a 0000009162   |b BOOK   |c Open Shelf   |e Default branch